Dřevěné obklady /
Salvato in:
| Autore principale: | |
|---|---|
| Natura: | Libro |
| Lingua: | ceco |
| Pubblicazione: |
Praha :
SNTL,
1987
|
| Tags: |
Nessun Tag, puoi essere il primo ad aggiungerne!!
|
MARC
| LEADER | 00000nam a22000003a 4500 | ||
|---|---|---|---|
| 001 | stu29478 | ||
| 005 | 20150617225737.6 | ||
| 008 | 950622s1987----xr------------------cze-d | ||
| 040 | |a STU |b slo | ||
| 041 | 0 | |a cze | |
| 044 | |a xr | ||
| 080 | |a 694.6 | ||
| 100 | 1 | |a Coufal, Rajmund |4 aut | |
| 245 | 1 | |a Dřevěné obklady / |c [aut]Coufal,Rajmund | |
| 260 | |a Praha : |b SNTL, |c 1987 | ||
| 300 | |a 151 s | ||
| 996 | |b 284V025821 |c V*35606/O-14787 |l VVS |s A |a 24 |w stu29478_0001 | ||
| 996 | |b 284V025822 |c V*35607/O-14787a |l VVS |s A |a 24 |w stu29478_0002 | ||
| 996 | |c V*35608/O-14787b |l VV15 |s P |a 0 |w stu29478_0003 | ||